000 00526pam a2200181 a 4500
020 _a0824792297 (hardcover : acidfree paper)
040 _cDLC
082 0 0 _a582 M.DE 1995 A062 Or.
245 0 0 _aSeed development and germination /
260 _aNew York :
_bM. Dekker,
_cc1995.
300 _axiv, 853 p. :
_bill., map ;
_c27 cm.
650 0 _aSeeds
650 0 _aGermination.
700 1 _aKigel, Jaime,
700 1 _aGalili, Gad,
856 4 2 _uhttp://www.loc.gov/catdir/enhancements/fy0647/94024927-d.html
942 _cEK
999 _c15450
_d15450